| 000 | 01252 a2200169 4500 | ||
|---|---|---|---|
| 020 | _a1580530680 | ||
| 040 |
_aDLC _bDLC |
||
| 082 | _a621.382 | ||
| 100 | _aEdwards, T. C. | ||
| 245 | 1 | 0 |
_aGigahertz and terahertz technologies for broadband communications _cTerry Edwards. |
| 260 |
_aBoston : _bArtech House, _c2000. |
||
| 300 |
_axiv, 262 p. : _bill. ; _c24 cm. |
||
| 440 | _aArtech House space technology and applications library. | ||
| 520 | 1 | _a"Gigahertz and Terahertz Technologies for Broadband Communications explores and demystifies the radio and light frequency technologies necessary to satisfy the ever-increasing demand for faster, higher capacity broadband communications today and into the 21st century." "This highly understandable book delivers a concise, critical appraisal of current and developing broadband systems, including terrestrial, satellite, and subspace systems. It examines competing technologies and how they interact, probes critical topics such as digital signaling, and takes a close look at the key players vying to provide high-speed internet access, digital TV, and other new telecommunications services in the coming years."--BK JACKET. | |
| 650 | 0 | _aBroadband communication systems. | |
| 942 |
_cBK _k621.382 EDW _2ddc |
||
| 999 |
_c8125 _d8125 |
||